000 00714nam a2200277Ia 4500
001 44405
005 20240114003628.0
007 ta
008 090227s1941 g b000 u 903 u
040 _aCotton College,Assam
041 _a903
082 _a394.942
_bB 226 B
100 _aBanks, M. Macleod .
245 0 _aBritish Calendar Customs /
_cM. Macleod Banks.
_hTextual Documents
250 _a1st ed /
260 _aLondon :
_bWilliam Glaisher Ltd. ,
_c1941.
300 _a266p. ;
_c20 cm.
362 _aVol.III-
653 _aFolklore
653 _aT/G-Customs, Folklore
653 _aG-Folklore
942 _2ddc
_cBK
999 _c44371
_d44371